00892nam a22002297a 4500003000500000005001700005008004100022010001100063011001100074035001100085040000900096100002800105245017200133260004000305500006000345502011000405650001700515650001800532650002500550650002300575856006400598CHAP20220329143812.0110909s2011 mx r 00010 spa d a102066 a103038 a113727 cCHAP00aOrtega Gaucín, David.10aEstilos y estrategias de aprendizaje y su influencia en el rendimiento académico de los estudiantes de ingenería de la UACHh[En línea]c/por David Ortega Gaucin aChapingo, Méx. :bEl autor,c2011 aPara ver el contenido del material haga clic en la liga aTesis (Ph. D. en Ciencias en Educación Agrícola Superior) -- UACH. Departamento de Sociología Rural14aAprendizaje.14aIngeniería.14aRendimiento escolar.14aUACHxEstudiantes. 3Finding aiduhttp://10.13.5.2/tesis/113727.pdfzTeclea aqui